Countries Made up of the Rarest Letters - Statistics

General Stats
  • This quiz has been taken 39 times
  • The average score is 5 of 20
Answer Stats
% Country % Correct
4.47 Mozambique
65%
4.47 Zimbabwe
65%
4.56 Zambia
52%
4.31 Kyrgyzstan
45%
4.09 Fiji
42%
4.19 Luxembourg
32%
4.65 Tuvalu
32%
4.92 Djibouti
29%
4.46 Brazil
26%
4.91 Paraguay
23%
3.80 Uruguay
19%
3.83 Cuba
16%
3.63 Cyprus
16%
4.86 Czech Republic
16%
4.83 Hungary
13%
4.44 Burundi
6%
4.54 Libya
6%
4.63 Belgium
3%
4.96 Bulgaria
3%
4.88 Gambia
3%
No matching quizzes found
Score Distribution
Percent of People with Each Score
Percentile by Number Answered
Your Score History
You have not taken this quiz